00960 2200349 4500001002100000005001500021035002000036007000300056040001700059100002300076245007000099250001200169300003000181020002200211041000800233082001000241084001600251090002100267264004200288336002100330337003000351338002300381500002800404650001200432700002700444850001000471008004100481990002200522990002200544990002200566990002200588INLIS00000000000737120260602032045 a0010-0822000345ta aSBPUPADbind0 aRita TNePengarang1 aSeratus Satu Kue Kering Klasik Dan Modern /cRita TN ;Editor Arum a.-cet.2 a216 hlm :bilus. ;c24 cm a978-602-1579-18-307aind a641.3 a641.3 RIT s a641.3 RIT s 20-7 a.--Yogyakarta :bAr-Ruzz Media,c2017 2rdacontentateks 2rdamediaatanpa perantara 2rdacarrieravolume aTentang Penulis,hlm 216 4aMasakan0 aEditor ArumePengarang aPUPAD260602 0  a35.865/S/DPK/2021 a35.868/S/DPK/2021 a35.867/S/DPK/2021 a35.866/S/DPK/2021